| 000 | 01092cab a22002175a 4500 | ||
|---|---|---|---|
| 001 | L137444 | ||
| 008 | 070405e20070309xxk f 000 0 eng d | ||
| 035 | _a(Sirsi) u137444 | ||
| 041 | 0 | _aeng | |
| 100 | 1 | _aJones, Gregory | |
| 245 | 0 | 0 |
_aUpdate _bplanning and environment |
| 260 | _c2007 | ||
| 490 |
_aSJ _v151(10) 9 March 2007, 328-330(2) |
||
| 520 | _aComments on judgments in a number of recent cases. The cases involved covered rulings on: the Environmental Impact Assessment (EIA) Directive (Directive 85/337/EEC); bias and predetermination; completion notices; injunctions under the Town and Country Planning Act 1990 s187A; enforcement time limits for single dwelling houses; the continuing use of land for recreational motorcycling activities; CLEUDS and abandonment of use; and the stationing of caravans and the erection of polytunnels. | ||
| 590 | _aKA | ||
| 650 | 2 | 4 | _aTOWN AND COUNTRY PLANNING ACT 1990 |
| 650 | 2 | 4 | _aCERTIFICATE OF LAWFULNESS OF EXISTING USE OR DEVELOPMENT |
| 651 | 4 |
_aEngland and Wales _y1543- |
|
| 690 |
_aPlanning and development _96259 |
||
| 942 | _n0 | ||
| 999 |
_c78603 _d78603 |
||